[Event "Canadian op"]
[Site "Calgary"]
[Date "2023.07.29"]
[Round "9"]
[White "Superceanu, Andi"]
[Black "Khodjimatov, Sherzod"]
[Result "0-1"]
[WhiteElo "1849"]
[BlackElo "2109"]
[PlyCount "72"]
[EventDate "2023.07.22"]
[EventType "swiss"]
[EventRounds "10"]
[EventCountry "CAN"]
[SourceTitle "EXT 2024"]
[Source "ChessBase"]
[SourceDate "2023.10.10"]
[SourceVersion "1"]
[SourceVersionDate "2023.10.10"]
[SourceQuality "1"]

1. e4 e5 2. Nf3 Nc6 3. Bb5 a6 4. Ba4 Nge7 5. 0-0 Ng6 6. c3 d6 7. d4 Bd7 8. d5 Nb8 9. c4 Be7 10. Nc3 0-0 11. Bxd7 Qxd7 12. Be3 f5 13. exf5 Qxf5 14. Nd2 Nd7 15. Nce4 Nh4 16. f3 g5 17. g3 Ng6 18. g4 Qf7 19. Nxg5 Bxg5 20. Bxg5 Qg7 21. Qe1 e4 22. Qe3 Rf7 23. fxe4 Qxb2 24. Rxf7 Qxa1+ 25. Rf1 Qb2 26. Bh6 Nde5 27. g5 Re8 28. Qf2 Qb6 29. Qxb6 cxb6 30. Rb1 Nd7 31. Kf2 Nge5 32. Ke3 Rc8 33. Kd4 Rc5 34. Rb2 Ra5 35. Ke3 Ra3+ 36. Kf4 Nd3+ 0-1

[Event "Canadian op"]
[Site "Calgary"]
[Date "2023.07.24"]
[Round "4"]
[White "McCoshen, Ricky"]
[Black "Superceanu, Andi"]
[Result "1/2-1/2"]
[WhiteElo "1580"]
[BlackElo "1849"]
[PlyCount "70"]
[EventDate "2023.07.22"]
[EventType "swiss"]
[EventRounds "10"]
[EventCountry "CAN"]
[SourceTitle "EXT 2024"]
[Source "ChessBase"]
[SourceDate "2023.10.10"]
[SourceVersion "1"]
[SourceVersionDate "2023.10.10"]
[SourceQuality "1"]

1. d4 d5 2. c4 e6 3. Nc3 Nf6 4. Bg5 Be7 5. e3 h6 6. Bxf6 Bxf6 7. Nf3 0-0 8. Rc1 b6 9. cxd5 exd5 10. Bd3 c5 11. dxc5 Be6 12. cxb6 Qxb6 13. Qd2 Nd7 14. 0-0 Nc5 15. Bb1 Ne4 16. Bxe4 dxe4 17. Nd4 Rfd8 18. Na4 Qd6 19. Nc5 Qd5 20. b3 Bxd4 21. exd4 Qxd4 22. Qxd4 Rxd4 23. Nxe6 fxe6 24. Rc6 a5 25. Rc4 e5 26. h3 a4 27. Re1 axb3 28. axb3 Rb8 29. Rxe4 Rxe4 30. Rxe4 Rxb3 31. Rxe5 Kf7 32. Re3 Rb1+ 33. Kh2 g5 34. Kg3 Rb4 35. f3 Rb2 1/2-1/2